000 nam a22 7a 4500
999 _c328806
_d328806
003 Nust
005 20170417134220.0
008 170417b xxu||||| |||| 00| 0 eng d
040 _cdlc
082 _a361.1 NRC
245 _aScience and Decisions : Advancing Risk Assessment
942 _2ddc
_cBK